000 00518nam a2200217Ia 4500
003 OSt
005 20221005114634.0
006 a|||||r|||| 00| 0
007 ta
008 221004b |||||||| |||| 00| 0 snd d
024 _a7247
037 _cTextual
040 _aCRL
_cCRL
_bsnd
041 _2snd
_asnd
082 _aV2:21wI83, 1593K4
100 _aBabar
_9227118
245 0 _aBabar nama
260 _c1964
942 _hV2:21wI83, 1593K4
_cTEXL
_2cc
999 _c1031966
_d1031966